載入...

Statistics: theory and practice /

書目詳細資料
主要作者: Ghosh, M. K.
其他作者: Chaudhri, S. C.
格式: Printed Book
語言:English
版:12th ed.
主題:
LEADER 00464nam a2200145Ia 4500
008 150624b xxu||||| |||| 00| 0 eng d
082 |a 519.5 
100 |a Ghosh, M. K. 
245 |a Statistics:  |b theory and practice /  |c M. K. Ghosh 
250 |a 12th ed. 
650 |x Statistics. 
700 |a Chaudhri, S. C. 
942 |c BK 
999 |c 13489  |d 13489 
952 |0 0  |1 0  |4 0  |6 519_500000000000000_GHO_S  |7 0  |9 13488  |a UL  |b UL  |c SEC  |d 1998-09-01  |l 0  |o 519.5 GHO/S  |p 20025  |r 2012-10-27  |w 2012-10-27  |y BK